Matemática 8º /

Guardado en:
Autor Principal: Aurucis, Patricia Inés
Formato: Libro
Publicado: Buenos Aires : Tinta fresca, 2005
Etiquetas: Agregar Etiqueta
Sin Etiquetas, Sea el primero en etiquetar este registro!
LEADER 00520nam a22001695a 4500
001 CEM.cems012275
005 20060911082829.0
008 130507s2005##################000#0#####d
003 CEMS
020 |a 9875760447 
082 0 4 |a 510 
100 1 |a Aurucis, Patricia Inés 
245 1 0 |a Matemática 8º /  |c Patricia Inés Aurucis 
260 |a Buenos Aires :  |b  Tinta fresca,  |c 2005 
300 |a 80 p. 
505 0 |a Matemática Libros de textos Tinta fresca 
859 |a CEMS  |b BIB. CEMS - 11 de abril  |h 510  |i Au69-1  |p 23191.05  |t Ej.1  |v 8º  |3 8º